The Queen Is Dead Tracklist (The Smiths) - Statistics

General Stats
  • This quiz has been taken 15 times
  • The average score is 8 of 10
Answer Stats
Hint Answer % Correct
1 The Queen Is Dead
100%
6 Bigmouth Strikes Again
86%
3 I Know It's Over
86%
7 The Boy With The Thorn In His Side
86%
9 There Is A Light That Never Goes Out
86%
2 Frankly, Mr. Shankly
79%
10 Some Girls Are Bigger Than Others
79%
5 Cemetry Gates
64%
4 Never Had No One Ever
64%
8 Vicar In A Tutu
64%
No matching quizzes found
Score Distribution
Percent of People with Each Score
Percentile by Number Answered
Your Score History
You have not taken this quiz